Developing a contractor classification model using a multivariate discriminate analysis approach (Record no. 102936)

MARC details
000 -LEADER
fixed length control field 01228cam a2200241 4500
001 - CONTROL NUMBER
control field J122811
008 - FIXED-LENGTH DATA ELEMENTS--GENERAL INFORMATION
fixed length control field 030630n2003 000 0 eng u
022 ## - INTERNATIONAL STANDARD SERIAL NUMBER
International Standard Serial Number 1740-7567
035 ## - SYSTEM CONTROL NUMBER
System control number (Sirsi) u122811
041 ## - LANGUAGE CODE
Language code of text/sound track or separate title eng
050 ## - LIBRARY OF CONGRESS CALL NUMBER
Classification number 690.068
100 ## - MAIN ENTRY--PERSONAL NAME
Personal name Wong, Chee
245 ## - TITLE STATEMENT
Title Developing a contractor classification model using a multivariate discriminate analysis approach
Medium [electronic resource]
260 ## - PUBLICATION, DISTRIBUTION, ETC.
Place of publication, distribution, etc. London
Name of publisher, distributor, etc. RICS Foundation
Date of publication, distribution, etc. 2003
490 ## - SERIES STATEMENT
Series statement RICS Foundation Research Papers
Volume/sequential designation 4(20)
520 ## - SUMMARY, ETC.
Summary, etc. Investigates contractor classification model method that links clients' selection aspirations and contractor performance. The research placed emphasis on investigation of clients' selection preferences ie Project-Specific Criteria (PSC) and their respective Levels of Importance Assigned (LIA) during tender evaluation for modelling a contractor performance classification model (good and poor groups).
650 ## - SUBJECT ADDED ENTRY--TOPICAL TERM
Topical term or geographic name entry element BUILDING CONTRACTORS
650 ## - SUBJECT ADDED ENTRY--TOPICAL TERM
Topical term or geographic name entry element BUILT ENVIRONMENT-BUILDING CONTRACT FORMS
690 ## - LOCAL SUBJECT ADDED ENTRY--TOPICAL TERM (OCLC, RLIN)
Topical term or geographic name as entry element Procurement
9 (RLIN) 6260
700 ## - ADDED ENTRY--PERSONAL NAME
Personal name Holt, Gary D.
856 40 - ELECTRONIC LOCATION AND ACCESS
Uniform Resource Identifier <a href="https://www.rics.org/Global/Downloads/DevelopingContractorClassificationModel200304.pdf">https://www.rics.org/Global/Downloads/DevelopingContractorClassificationModel200304.pdf</a>
Public note View this item at www.rics.org
942 ## - ADDED ENTRY ELEMENTS (KOHA)
Suppress in OPAC 0
Holdings
Withdrawn status Lost status Source of classification or shelving scheme Damaged status Not for loan Home library Current library Shelving location Date acquired Total Checkouts Full call number Barcode Date last seen Copy number Price effective from Koha item type
    Dewey Decimal Classification     Virtual Virtual Online 30/06/2003   ONLINE PUBLICATION 122811-1001 06/08/2019 1 06/08/2019 Book